Statystyki dla Piłkarska kariera - Fabinho

Kliknij tutaj aby rozwiązać quiz!

Ogólne statystyki

  • Ten quiz został rozwiązany 40 razy
    (3 od ostatniego zresetowania)
  • Średni wynik to 5 z 8

Statystyki odpowiedzi

Kraj klubuRokKlub% Poprawnych
Anglia2018-2023Liverpool
100%
Monako2013-2015Monaco
100%
Monako2015-2018Monaco
100%
Hiszpania2012-2013Real Madryt Kastylia
67%
Arabia Saudyjska2023-Al-Ittihad
33%
Portugalia2012Rió Ave
33%
Portugalia2013Rió Ave
33%
Portugalia2015Rió Ave
33%

Rozkład punktacji

Percentyl według liczby udzielonych odpowiedzi

Procent ludzi z każdym wynikiem

Twoja historia wyników

Nie rozwiązałeś tego quizu od ostatniego zresetowania